Ιστορία του νεότερου και σύγχρονου κόσμου από το 1453 μ.Χ. έως σήμερα
Αποθηκεύτηκε σε:
| Συγγραφή απο Οργανισμό/Αρχή: | |
|---|---|
| Άλλοι συγγραφείς: | |
| Μορφή: | Βιβλίο |
| Γλώσσα: | Greek |
| Δημοσίευση: |
Αθήνα :
Οργανισμός Εκδόσεως Διδακτικών Βιβλίων,
2002.
|
| Θέματα: | |
| Ετικέτες: |
Προσθήκη ετικέτας
Δεν υπάρχουν, Καταχωρήστε ετικέτα πρώτοι!
|
MARC
| LEADER | 00000cam a2200000 i 4500 | ||
|---|---|---|---|
| 001 | 1/73812 | ||
| 008 | 050321s2002 gr | ||| |||| ||gre|| | ||
| 035 | |l 10077197 | ||
| 040 | |a GR-MY-UA |b gre |e aacr | ||
| 041 | 0 | |a gre | |
| 082 | 7 | |a 938.4 |2 (21) | |
| 245 | 1 | 0 | |a Ιστορία του νεότερου και σύγχρονου κόσμου από το 1453 μ.Χ. έως σήμερα / |c Θεόδωρος Κατσουλάκος ... [κ α.]. |
| 260 | |a Αθήνα : |b Οργανισμός Εκδόσεως Διδακτικών Βιβλίων, |c 2002. | ||
| 300 | |a 193 σ. : |b εικ. ; |c 28 εκ. | ||
| 500 | |a Τεχνικά επαγγελματικά εκπαιδευτήρια - Β Τάξη 1ου κύκλου. | ||
| 650 | 0 | 0 | |a History, Modern |y 16th century |x Study and teaching (Higher) |
| 650 | 0 | 0 | |a History, Modern |y 19th century |x Study and teaching. |
| 650 | 0 | 0 | |a Renaissance |x Study and teaching. |
| 650 | 0 | 0 | |a World War, 1914-1918 |x Study and teaching (Higher) |
| 650 | 0 | 0 | |a Greco-Turkish War, 1921-1922 |x Study and teaching (Higher) |
| 650 | 0 | 0 | |a World War, 1939-1945 |x Study and teaching (Higher) |
| 651 | 0 | |a France |x History |y Revolution, 1789-1799 |x Study and teaching (Higher) | |
| 651 | 0 | |a Greece |x History |y War of Independence, 1821-1829 |x Study and teaching (Higher) | |
| 700 | 1 | |a Κατσουλάκος, Θεόδωρος. | |
| 710 | 2 | |a Υπουργείο Εθνικής Παιδείας και Θρησκευμάτων |b Παιδαγωγικό Ινστιτούτο. | |
| 852 | |a INST |b SAMOS |e 20050321 |h 938.4 ΙΣΤ |p 005300025304 |q 005300025304 |t BK |y 0 | ||
| 901 | |a BIBL3-2005-1 | ||
| 909 | |a Σ |b 114401 | ||
| 970 | |a ΜΑΛΑΓΑΡΗ |b ΦΩΤΕΙΝΗ |z 2005/03/21 | ||